000 00452nam a22001457a 4500
020 _qPB.
040 _cFIZZA ISHAQ
082 _a332
_bMIS
100 _a Mishkin, Frederic S.
_929242
245 _aThe Economics of Money, Banking and Financial Markets /
_cFrederic S. Mishkin .
250 _aCUSTOM EDITION FOR UMUC ECON 430.
260 _aNEW YORK:
_b ‎ Pearson ,
_c2010.
300 _a664 P. ; G -1; I -32 INDEX INC
_c25 X 21 cm
942 _2ddc
_cBK
999 _c615401
_d615401